000 01524cam a22004097a 4500
003 CHAP
005 20220329140408.0
008 971013c19741960 r 00010 d
010 _a51391
011 _a52363
035 _a56513
040 _cCHAP
082 _a863
_bR6
100 0 0 _aRojas González, Francisco.
_999311
245 1 3 _aEl diosero
260 _aMéxico, D. F. :
_bFondo de Cultura Económica,
_c1974 (c.1960)
300 _a131 p.
490 0 _aColección popular
_v; 16
590 _aBATCH-UPD
_b10
_c20130110
_lUCH01
_h0406
590 _aBATCH-UPD
_b10
_c20130110
_lUCH01
_h1944
590 _aBATCH-UPD
_b10
_c20130410
_lUCH01
_h0040
590 _aBATCH-UPD
_b10
_c20130914
_lUCH01
_h1005
590 _aCONVERSION
_b10
_c20130109
_lUCH01
_h1328
650 1 4 _aNovela mexicana.
_982025
830 0 _aColección popular
_v; 16
_924953
901 _aBK
942 _cLIBRO
949 _a863 R6
_bBC
_cLIBRO
_d-123424
_eLIBRO
_h36361
_i56513
_si
949 _a863 R6
_bBC
_cLIBRO
_d-123426
_eLIBRO
_fc.2
_h36362
_i56513
_si
949 _a863 R6
_bBC
_cLIBRO
_d-123427
_eLIBRO
_fc.3
_h36363
_i56513
_si
949 _a863 R6
_bBC
_cLIBRO
_d-123428
_eLIBRO
_fc.4
_h36364
_i56513
_si
949 _a863 R6
_bBC
_cLIBRO
_d-123429
_eLIBRO
_fc.5
_h36365
_i56513
_si
949 _a863 R6
_bBC
_cLIBRO
_d-123430
_eLIBRO
_fc.6
_h36366
_i56513
_si
949 _a863 R6
_bBC
_cLIBRO
_d-123433
_eLIBRO
_fc.8
_h36368
_i56513
_si
949 _a863 R6
_bBC
_cLIBRO
_d-123434
_eLIBRO
_fc.9
_h36369
_i56513
_si
949 _a863 R6
_bBC
_cLIBRO
_d-123436
_eLIBRO
_fc.10
_h36370
_i56513
_si
999 _c51391
_d51391